000 00755nam a2200229 a 4500
001 001826
003 BD-ChCU
005 20230204160002.0
008 Ben
020 _a
040 _aDLC
_cDLC
_dBD-ChCU
082 0 0 _a৯৫৪.৯২/উম ৮ যু
100 1 _aউমর, বদরুদ্দীন
_b-
245 1 0 _aযুদ্ধপূর্ব বাঙলাদেশ
_b-
250 _a***
260 _aঢাকা
_bমুক্তধারা
_c১৯৭৬
300 _a৩৯২
504 _a- Biblio-
650 0 _aবাংলাদেশ-ইতিহাস (যুদ্ধপূর্ব)
_bবাংলাদেশ-ইতিহাস (যুদ্ধপূর্ব)
700 1 _a-
942 _2ddc
_cBK
999 _c1826
_d1826